000 00825nam a2200253Ia 4500
003 OSt
005 20221005104455.0
006 a|||||r|||| 00| 0
007 ta
008 221004b |||||||| |||| 00| 0 hin d
024 _a4358
037 _bGift, 21/05/2013,
_cTextual
040 _aCRL
_cCRL
_bhin
041 _2hin
_ahin
082 _aO152,1:gN, L5;L9
100 _aशुक्ल, ललित
245 0 _aनया काव्य नये मूल्य
246 _aNayā kāvya naye mūlya
260 _aदिल्ली
_bमैकमिलन भारत
_c1975
300 _a309पृ0
_ccm.
650 _aहिन्दी साहित्य
942 _hO152,1:gN, L5;L9
_cTEXL
_2cc
999 _c1012814
_d1012814